000 00593nam a22001817a 4500
005 20241213122120.0
010 _aENG-142992
020 _c100.00
_a9788187745204
035 _aEN-126524
037 _bDBAD
082 _a881
100 _aDivendra, Annavaram
_975145
245 _aFarmland fragrance/
_cBy Annavaram Divendra
260 _aAndhra Pradesh
_bYugadi publishers
_c2011
270 _aFlat No.406, Maruti Heaven Bhagath Nagar, Karim Nagar
_bAndhra Pradesh
_e505001
_mannavaramdev@gmail.com
_k9440763479
300 _a62p.
_c22Cm(pb)
942 _2ddc
_cEN
_mDEV
_h881
999 _c207685
_d207685